Statistics for Stephen Curry Bandwagon Quiz

Click here to take the quiz!

General Stats

  • This quiz has been taken 157 times
  • The average score is 10 of 15

Answer Stats

FactFact Answer% Correct
Number of MVP Awards2
100%
Number of daughters3
99%
Age30
91%
Height6 3
91%
First NameWardell
88%
CollageDavidson
86%
TeamGolden State Warriors
83%
2nd sportGolf
81%
Birth cityAkron
80%
Birth stateOhio
80%
Most 3's in a season402
56%
FearSnakes
33%
2nd fav player growing upDell Curry
27%
Favorite player growing upMuggsy Bogues
21%
2nd Fear3 to 1 leads
1%

Score Distribution

Percentile by Number Answered

Percent of People with Each Score

Your Score History

You have not taken this quiz